| 000 | 00452nam a22001577a 4500 | ||
|---|---|---|---|
| 003 | OSt | ||
| 008 | 250902b |||||||| |||| 00| 0 eng d | ||
| 041 | _amal | ||
| 082 |
_a894.8127 _bRAV/KA |
||
| 100 |
_aRavikumar, K. S _97812 |
||
| 245 |
_aKathayude kalathanthram / _bകഥയുടെ കലാതന്ത്രം |
||
| 260 |
_aThiruvananthapuram : _bChintha Publishers, _c2024. |
||
| 300 | _a216 p. | ||
| 650 |
_aLiterary study _97813 |
||
| 942 | _cBK | ||
| 999 |
_c19500 _d19500 |
||